000
00305 a2200145 4500
001
164445
020
_a
040
_c
Magnum
100
_a
Almeida, Guido de
240
1
0
_a
O professor que nao ensina
_l
por
245
1
0
_a
O professor que nao ensina
362
0
_a
1899
697
_a
ENSINO
942
_c
BK
999
_c
164445
_d
164445